Cardiology. -- 8th ed. (Record no. 36736)

MARC details
000 -LEADER
fixed length control field 00714nam a2200205 a 4500
008 - FIXED-LENGTH DATA ELEMENTS--GENERAL INFORMATION
fixed length control field 090325s2005 ||||||||||||||||| || u
020 ## - INTERNATIONAL STANDARD BOOK NUMBER
International Standard Book Number 0702026948
050 ## - LIBRARY OF CONGRESS CALL NUMBER
Classification number RC 681 Jul
100 ## - MAIN ENTRY--PERSONAL NAME
Personal name McLenachan, James M
245 10 - TITLE STATEMENT
Title Cardiology. -- 8th ed.
Statement of responsibility, etc. Desmond G. Julian, J. Campbell Cowan and James M. McLenachan
250 ## - EDITION STATEMENT
Edition statement 8th ed.
260 ## - PUBLICATION, DISTRIBUTION, ETC.
Place of publication, distribution, etc. London:
Name of publisher, distributor, etc. Elsevier
Date of publication, distribution, etc. 2005
300 ## - PHYSICAL DESCRIPTION
Extent x, 387p.: ill.
350 ## - PRICE (NR) (BK AM CF MU VM SE) [OBSOLETE]
Price 0.00
650 ## - SUBJECT ADDED ENTRY--TOPICAL TERM
Topical term or geographic name entry element HEALTH
650 ## - SUBJECT ADDED ENTRY--TOPICAL TERM
Topical term or geographic name entry element HEART--DISEASES
700 ## - ADDED ENTRY--PERSONAL NAME
Personal name Cowan, J. Campbell
700 ## - ADDED ENTRY--PERSONAL NAME
Personal name Julian, Desmond G
995 ## - RECOMMENDATION 995 [LOCAL, UNIMARC FRANCE]
-- 0.00
-- CBU-MAIN LIBRARY (Kitwe)
-- 1
-- 0.00
-- 1
-- AVAILABLE
-- May 19, 2009
-- Main Library Open Access Collection
Holdings
Withdrawn status Lost status Source of classification or shelving scheme Damaged status Not for loan Home library Current library Shelving location Date acquired Total Checkouts Full call number Barcode Date last seen Price effective from Koha item type
          CBU-MAIN LIBRARY, KITWE. CBU-MAIN LIBRARY, KITWE.   11/30/2022   RC 681 Jul 739925 11/30/2022 11/30/2022 MONOGRAPH